Teacher's handbook: Insights into literature

Gespeichert in:
Bibliographische Detailangaben
1. Verfasser: Mark Van Doren ... [et al. ]
Format: Buch
Sprache:Undetermined
Veröffentlicht: Boston Houghton Mifflin 1965
Schlagworte:
Tags: Tag hinzufügen
Keine Tags, Fügen Sie den ersten Tag hinzu!
Thư viện lưu trữ: Trung tâm Học liệu Trường Đại học Cần Thơ
LEADER 00508nam a2200169Ia 4500
001 CTU_685
008 210402s9999 xx 000 0 und d
082 |a 420.07 
082 |b D695 
100 |a Mark Van Doren ... [et al. ] 
245 0 |a Teacher's handbook: Insights into literature 
245 0 |c Mark Van Doren ... [et al. ] 
260 |a Boston 
260 |b Houghton Mifflin 
260 |c 1965 
650 |a english language - study and teaching 
980 |a Trung tâm Học liệu Trường Đại học Cần Thơ